| 000 | 01158nam a22003497a 4500 | ||
|---|---|---|---|
| 003 | CHAP | ||
| 005 | 20220817042219.0 | ||
| 008 | 971013s1953 r 00010 d | ||
| 010 | _a37730 | ||
| 011 | _a38702 | ||
| 035 | _a42822 | ||
| 040 | _cCHAP | ||
| 082 |
_a631.8 _bF35 |
||
| 110 | _aFAO | ||
| 245 | _aInforme de la reunión sobre producción, distribución y aprovechamiento de fertilizantes en América Latina, Ría de Janeiro 1951 | ||
| 260 |
_aRoma : _bFAO, _c1953 |
||
| 300 | _a57 p. | ||
| 490 |
_aFAO. Cuadernos de fomento _v; 36 |
||
| 590 |
_aBATCH-UPD _b10 _c20130110 _lUCH01 _h0230 |
||
| 590 |
_aBATCH-UPD _b10 _c20130110 _lUCH01 _h1212 |
||
| 590 |
_aBATCH-UPD _b10 _c20130410 _lUCH01 _h1451 |
||
| 590 |
_aBATCH-UPD _b10 _c20130914 _lUCH01 _h0902 |
||
| 590 |
_aCONVERSION _b10 _c20130109 _lUCH01 _h1321 |
||
| 650 | 1 | 4 |
_aFertilizantes y abonos. _940646 |
| 650 | 1 | 4 |
_aFertilizantes _xIndustria _xAmérica Latina. _940568 |
| 700 | 0 |
_aCalliester, G. J. _917553 |
|
| 700 | 0 |
_aDion, H. G. _932642 |
|
| 830 | 0 |
_aFAO. Cuadernos de fomento _v; 36 _939506 |
|
| 901 | _aBK | ||
| 942 | _cLIBRO | ||
| 949 |
_a631.8 F35 _bBC _cFAO _d-98452 _eFAO1 _h21942 _i42822 _si |
||
| 999 |
_c37730 _d37730 |
||